01286nam a22003137a 4500003000200000005001700002008000200019010001300021020002600034035002300060037001600083040001500099082001300114100005800127110005700185245013300242246000600375250001100381260004700392270005500439300002600494500007300520650004100593650003500634942002200669999001900691952012900710952013300839020180728180430.00 aB-225867 c595.00a9780195690507 aB-225867, B-225871 bCen Lib/Ret aDPLbENc0 a323bHAN aIndia. South Asia Rights Documentation Centre9105714 bSouth Asia Human Rights Documentation Centre 996315 aHandbook of human rights and criminal justice in India :b the system and procedure /cby South Asia Rights Documentation Centre b  a2nd ed aNew Delhi bOxford University Press c2007 bNew Delhi aYMCA Building, Jai Singh Road e110001 axiv, 217p. c21cm(Hb) aIncludes appendix, bibliographical references, glossary and index  aCriminal procedure -- India. 996316 aCivil rights -- India. 916261 2ddccENh323mHAN c135338d135338 001040718REFaLbLd2015-10-05eCen Lib/Retg595.00l0o323 HANpB-225867r2015-10-05 00:00:00t1v595.00w2015-10-05yEN 00102ddc40708NFICaBL1bBL1d2018-07-28eBPPD/PUBg595.00l0o323 HANpB-225871r2018-07-28 00:00:00v595.00w2018-07-28yEN